Technology and change (Record no. 2692)

MARC details
000 -LEADER
fixed length control field 00414nam a2200145Ia 4500
008 - FIXED-LENGTH DATA ELEMENTS--GENERAL INFORMATION
fixed length control field 230312s9999||||xx |||||||||||||| ||und||
020 ## - INTERNATIONAL STANDARD BOOK NUMBER
International Standard Book Number 087835083
082 ## - DEWEY DECIMAL CLASSIFICATION NUMBER
Classification number 301.243
Item number BUR-T
245 #0 - TITLE STATEMENT
Title Technology and change
260 ## - PUBLICATION, DISTRIBUTION, ETC.
Name of publisher, distributor, etc. Boyd & Fraser
Place of publication, distribution, etc. San Francisco
Date of publication, distribution, etc. 1979
300 ## - PHYSICAL DESCRIPTION
Extent 500
546 ## - LANGUAGE NOTE
Language note Eng.
650 ## - SUBJECT ADDED ENTRY--TOPICAL TERM
Topical term or geographic name entry element Engineering
Form subdivision Technological development, Technological change, Retrospect and prospect
942 ## - ADDED ENTRY ELEMENTS (KOHA)
Koha item type BOOK

No items available.

Powered by Koha